000 00521ntaaa2200193 4500
003 01
005 20251027201608.0
008 0714s1973 ag 01
040 _aAR-BaBN
_bspa
_cAR-BaBN
_eaacr
_dRIC
082 _a230.0100 En3
100 _aEnglish, E. Schuyler
_914578
245 _aThings Surely To Be Believed, vol. 1.
250 _a1 ed.
260 _aWheaton :
_bVan Kampen Press,
_cc1946
300 _a307 p.
500 _aIntroducción a la doctrina cristiana
650 _aDoctrina Cristiana
_9648
942 _cBK
999 _c10561
_d10561